<?xml version="1.0" encoding="UTF-8"?><?xml-stylesheet type="text/xsl" href="static/style.xsl"?><OAI-PMH xmlns="http://www.openarchives.org/OAI/2.0/" xmlns:xsi="http://www.w3.org/2001/XMLSchema-instance" xsi:schemaLocation="http://www.openarchives.org/OAI/2.0/ http://www.openarchives.org/OAI/2.0/OAI-PMH.xsd"><responseDate>2026-04-17T01:19:44Z</responseDate><request verb="GetRecord" identifier="oai:www.recercat.cat:2117/97218" metadataPrefix="marc">https://recercat.cat/oai/request</request><GetRecord><record><header><identifier>oai:recercat.cat:2117/97218</identifier><datestamp>2025-07-17T10:57:14Z</datestamp><setSpec>com_2072_1033</setSpec><setSpec>col_2072_452950</setSpec></header><metadata><record xmlns="http://www.loc.gov/MARC21/slim" xmlns:dcterms="http://purl.org/dc/terms/" xmlns:xsi="http://www.w3.org/2001/XMLSchema-instance" xmlns:doc="http://www.lyncode.com/xoai" xsi:schemaLocation="http://www.loc.gov/MARC21/slim http://www.loc.gov/standards/marcxml/schema/MARC21slim.xsd">
   <leader>00925njm 22002777a 4500</leader>
   <datafield ind2=" " ind1=" " tag="042">
      <subfield code="a">dc</subfield>
   </datafield>
   <datafield ind2=" " ind1=" " tag="720">
      <subfield code="a">Buhrman, Harry</subfield>
      <subfield code="e">author</subfield>
   </datafield>
   <datafield ind2=" " ind1=" " tag="720">
      <subfield code="a">Hermo Huguet, Montserrat</subfield>
      <subfield code="e">author</subfield>
   </datafield>
   <datafield ind2=" " ind1=" " tag="260">
      <subfield code="c">1994-01-01</subfield>
   </datafield>
   <datafield ind2=" " ind1=" " tag="520">
      <subfield code="a">We study the sparse set conjecture for sets with low density. The sparse set conjecture states that P = NP if and only if there exists a sparse Turing hard set for NP. In this paper we study a weaker variant of the conjecture. We are interested in the consequences of NP having Turing hard sets of density f(n), for (unbounded) functions f(n), that are sub-polynomial, for example log(n). We establish a connection between Turing hard sets for NP with density f(n) and bounded nondeterminism: We prove that if NP has a Turing hard set of density f(n), then satisfiability is computable in polynomial time with O(log(n)*f(n^c)) many nondeterministic bits for some constant c. As a consequence of the proof technique we obtain absolute results about the density of Turing hard sets for EXP. We show that no Turing hard set for EXP can have sub-polynomial density. On the other hand we show that these results are optimal w.r.t. relativizing computations. For unbounded functions f(n), there exists an oracle relative to which NP has a f(n) dense Turing hard tally set but still P is different from NP.</subfield>
   </datafield>
   <datafield ind2=" " ind1=" " tag="520">
      <subfield code="a">Postprint (published version)</subfield>
   </datafield>
   <datafield tag="653" ind2=" " ind1=" ">
      <subfield code="a">Àrees temàtiques de la UPC::Informàtica::Informàtica teòrica</subfield>
   </datafield>
   <datafield tag="653" ind2=" " ind1=" ">
      <subfield code="a">Sparse set conjecture</subfield>
   </datafield>
   <datafield tag="653" ind2=" " ind1=" ">
      <subfield code="a">Low density sets</subfield>
   </datafield>
   <datafield ind2="0" ind1="0" tag="245">
      <subfield code="a">On the sparse set conjecture for sets with low density</subfield>
   </datafield>
</record></metadata></record></GetRecord></OAI-PMH>